Czy rozpoznasz jakie to państwo po jego sąsiadach? - Statystyki

Ogólne statystyki
  • Ten quiz został rozwiązany 753 razy
  • Średni wynik to 11 z 15
Statystyki odpowiedzi
Sąsiedzi Państwo graniczące z tymi Państwami % Poprawnych
Niemcy, Czechy, Słowacja, Ukraina, Białoruś, Litwa, Rosja Polska
100%
Portugalia, Gibraltar, Andora, Francja, Maroko Hiszpania
98%
Niemcy, Belgia Niderlandy
91%
USA, Gwatemala, Belize Meksyk
88%
Włochy Watykan, San Marino
87%
Rosja, Chiny Mongolia
80%
Albania, Macedonia Północna, Bułgaria, Turcja Grecja
79%
Indie, Chiny Nepal, Bhutan
73%
Boliwia, Brazylia, Argentyna Paragwaj
71%
Republika Południowej Afryki Lesotho
70%
Tajlandia, Laos, Wietnam Kambodża
63%
Panama, Nikaragua Kostaryka
54%
Arabia Saudyjska, Katar Bahrajn
51%
Somalia, Etiopia, Erytrea Dżibuti
47%
Ghana, Benin, Burkina Faso Togo
43%
Nie znaleziono quizów pasujących do podanych kryteriów
Rozkład punktacji
Procent ludzi z każdym wynikiem
Percentyl według liczby udzielonych odpowiedzi
Twoja historia wyników
Nie rozwiązałeś tego quizu